000 00423nam a22001817a 4500
003 MPLRDC
005 20220104113911.0
008 210129b ||||| |||| 00| 0 eng d
082 _a848.2 BXY-4 c.3
100 _a白先勇著
245 _a谪仙记
_c
250 _a再版
260 _a
_b大林出版社
_c1984
300 _b
490 _a大林文库;43
650 _a现代别集
942 _cBK
_o848.2 BXY-4 c.3
999 _c3236
_d3226